| 000 | 00333nam a22001217a 4500 | ||
|---|---|---|---|
| 040 | _cUniversity of the Pubjab | ||
| 082 |
_a660.11223 _b K451 C |
||
| 100 |
_aProf. Dr. Ijaz Hussain Khan _954084 |
||
| 245 | _aCorrosion Technology V-2 | ||
| 260 |
_aLahore _bUniversity of the Punjab _c1989 |
||
| 300 |
_a474p. _c23cm. |
||
| 942 |
_2ddc _cBK |
||
| 999 |
_c615200 _d615200 |
||